Loading...
| History - European History | 0 | 2 | 0 | 1 | 20 | 103 | 116.00 | 0 | 1 |
| Fine Arts - Other Arts | 0 | 2 | 0 | 0 | 20 | 108 | 120.00 | 0 | 1 |
| Current Events | 0 | 2 | 0 | 1 | 20 | 93 | 108.50 | 0 | 0 |
| Social Science | 0 | 2 | 0 | 1 | 20 | 122 | 126.00 | 0 | 0 |
| History - World History | 0 | 2 | 1 | 0 | 15 | 101 | 116.00 | 0 | 1 |
| History - American History | 0 | 2 | 1 | 0 | 15 | 109 | 113.50 | 0 | 1 |
| Visual Arts | 0 | 1 | 0 | 1 | 10 | 130 | 130.00 | 0 | 1 |
| Geography | 0 | 1 | 0 | 0 | 10 | 117 | 117.00 | 0 | 0 |
| History - Other History | 0 | 1 | 0 | 0 | 10 | 128 | 128.00 | 0 | 0 |
| Literature - American Literature | 0 | 1 | 0 | 0 | 10 | 134 | 134.00 | 0 | 1 |
| Literature - European Literature | 0 | 1 | 0 | 0 | 10 | 134 | 134.00 | 0 | 0 |
| Philosophy | 0 | 1 | 0 | 0 | 10 | 127 | 127.00 | 0 | 0 |
| Science - Biology | 0 | 1 | 0 | 0 | 10 | 77 | 77.00 | 0 | 1 |
| History - Ancient History | 0 | 0 | 0 | 0 | 0 | 0.00 | 0 | 0 | |
| Literature - British Literature | 0 | 0 | 0 | 0 | 0 | 0.00 | 0 | 0 | |
| Literature - World Literature | 0 | 0 | 0 | 0 | 0 | 0.00 | 0 | 0 | |
| Beliefs | 0 | 0 | 1 | 0 | -5 | 0.00 | 0 | 0 | |
| Science - Physics | 0 | 0 | 1 | 0 | -5 | 0.00 | 0 | 0 |